[Event "Moehnesee Cup-A 37th"]
[Site "Moehnesee"]
[Date "2011.09.04"]
[Round "6"]
[White "Gerhards, Walter"]
[Black "Schmitz, Stefan"]
[Result "1/2-1/2"]
[WhiteElo "1965"]
[BlackElo "1920"]
[PlyCount "124"]
[EventDate "2011.09.01"]
[EventType "swiss"]
[EventRounds "7"]
[EventCountry "GER"]
[SourceTitle "EXT 2013"]
[Source "ChessBase"]
[SourceDate "2012.11.22"]
[SourceVersion "1"]
[SourceVersionDate "2012.11.22"]
[SourceQuality "1"]

1. e4 e5 2. Nf3 Nc6 3. Bb5 a6 4. Ba4 Nf6 5. 0-0 Be7 6. Re1 b5 7. Bb3 0-0 8. c3 d5 9. exd5 Nxd5 10. Nxe5 Nxe5 11. Rxe5 Nf6 12. d4 Bd6 13. Re2 Bb7 14. h3 Qd7 15. Nd2 Rae8 16. Nf1 Rxe2 17. Qxe2 Re8 18. Ne3 Qc6 19. Qf1 Qd7 20. Bd2 Nh5 21. Bd5 Bxd5 22. Nxd5 Bh2+ 23. Kxh2 Qxd5 24. Re1 Rxe1 25. Qxe1 h6 26. Qe8+ Kh7 27. Qe5 c6 28. g4 Nf6 29. Qxd5 cxd5 30. f3 Nd7 31. Kg3 g6 32. h4 h5 33. gxh5 gxh5 34. Kf4 Kg6 35. b3 f6 36. Bc1 Nb6 37. Ba3 Nd7 38. Bc5 Nb8 39. Bd6 Nd7 40. Ke3 Nb6 41. Kd3 Kf5 42. Bc7 Nd7 43. c4 bxc4+ 44. bxc4 Ke6 45. c5 Nf8 46. Kc3 Ng6 47. Bg3 Kd7 48. Kd3 Kc6 49. Kc3 Kb5 50. a3 a5 51. Kb3 Ne7 52. Bf2 Nf5 53. a4+ Kc6 54. Kc3 Kd7 55. Kd3 Kc7 56. Be1 Kc6 57. f4 Kb7 58. Bxa5 Nxh4 59. Bd8 Ng2 60. Bxf6 Nxf4+ 61. Ke3 Ne6 62. Kf3 Kc6 1/2-1/2

[Event "Moehnesee Cup-A 37th"]
[Site "Moehnesee"]
[Date "2011.09.01"]
[Round "1"]
[White "Ackermann, Frank"]
[Black "Schmitz, Stefan"]
[Result "1-0"]
[WhiteElo "2088"]
[BlackElo "1920"]
[PlyCount "41"]
[EventDate "2011.09.01"]
[EventType "swiss"]
[EventRounds "7"]
[EventCountry "GER"]
[SourceTitle "EXT 2013"]
[Source "ChessBase"]
[SourceDate "2012.11.22"]
[SourceVersion "1"]
[SourceVersionDate "2012.11.22"]
[SourceQuality "1"]

1. e4 e5 2. d4 exd4 3. Qxd4 Nc6 4. Qe3 Bb4+ 5. Nc3 d6 6. Bd2 Be6 7. 0-0-0 Qd7 8. Qg3 f6 9. Nge2 Qf7 10. a3 Bc5 11. Nf4 Bd7 12. Nfd5 0-0-0 13. Nb5 Bb6 14. Nxb6+ axb6 15. Kb1 Be6 16. Bf4 Ne5 17. Qc3 Kb8 18. Be2 Ne7 19. Qxc7+ Ka8 20. Bxe5 fxe5 21. Nxd6 1-0

[Event "Moehnesee Cup 36th"]
[Site "Moehnesee"]
[Date "2010.08.28"]
[Round "5"]
[White "Schmitz, Stefan"]
[Black "Sabranski, Heinz"]
[Result "1-0"]
[WhiteElo "1880"]
[BlackElo "2000"]
[PlyCount "83"]
[EventDate "2010.08.26"]
[EventType "swiss"]
[EventRounds "7"]
[EventCountry "GER"]
[SourceTitle "EXT 2011"]
[Source "ChessBase"]
[SourceDate "2010.11.26"]
[SourceVersion "1"]
[SourceVersionDate "2010.11.26"]
[SourceQuality "1"]

1. e4 Nc6 2. Nf3 d6 3. d4 Bg4 4. Be2 Nf6 5. Nc3 e6 6. Be3 a6 7. Qd2 Be7 8. 0-0 0-0 9. h3 Bh5 10. a3 b5 11. Nh2 Bg6 12. Bf3 e5 13. d5 Na5 14. b3 Nb7 15. Ng4 Nd7 16. b4 Rc8 17. Rac1 h5 18. Nh2 Nb6 19. Be2 Bf6 20. f3 c5 21. dxc6 Rxc6 22. Nd5 Nxd5 23. Qxd5 Qc8 24. c4 bxc4 25. Bxc4 Nd8 26. Rfd1 Ne6 27. Bxa6 Qxa6 28. Qxc6 Qxa3 29. Qc3 Qa2 30. Rxd6 Nf4 31. Bxf4 exf4 32. Qc4 Qa3 33. Rd3 Qb2 34. Rdd1 Ra8 35. Rb1 Qa2 36. Nf1 Qa7+ 37. Qc5 Qa3 38. Qc7 Ra4 39. b5 Bd4+ 40. Kh1 Be3 41. b6 Qa2 42. b7 1-0

[Event "Moehnesee Cup 36th"]
[Site "Moehnesee"]
[Date "2010.08.28"]
[Round "4"]
[White "Wenning, Andreas"]
[Black "Schmitz, Stefan"]
[Result "1-0"]
[WhiteElo "2063"]
[BlackElo "1880"]
[PlyCount "47"]
[EventDate "2010.08.26"]
[EventType "swiss"]
[EventRounds "7"]
[EventCountry "GER"]
[SourceTitle "EXT 2011"]
[Source "ChessBase"]
[SourceDate "2010.11.26"]
[SourceVersion "1"]
[SourceVersionDate "2010.11.26"]
[SourceQuality "1"]

1. d4 d5 2. Nf3 Nf6 3. c4 e6 4. g3 c5 5. cxd5 Nxd5 6. Bg2 cxd4 7. Nxd4 Bb4+ 8. Bd2 Bxd2+ 9. Nxd2 0-0 10. Nc4 Nc6 11. Nxc6 bxc6 12. Qa4 Bd7 13. Ne5 Be8 14. 0-0 Qb6 15. Nc4 Qc7 16. Qc2 Rc8 17. e4 Nb6 18. Rac1 c5 19. Rfd1 Nxc4 20. Qxc4 Qb6 21. b4 Bb5 22. Qc3 cxb4 23. Qxc8 Rxc8 24. Rxc8+ 1-0

[Event "Moehnesee Cup 36th"]
[Site "Moehnesee"]
[Date "2010.08.27"]
[Round "2"]
[White "Schoenhof, Timo"]
[Black "Schmitz, Stefan"]
[Result "1-0"]
[WhiteElo "2095"]
[BlackElo "1880"]
[PlyCount "103"]
[EventDate "2010.08.26"]
[EventType "swiss"]
[EventRounds "7"]
[EventCountry "GER"]
[SourceTitle "EXT 2011"]
[Source "ChessBase"]
[SourceDate "2010.11.26"]
[SourceVersion "1"]
[SourceVersionDate "2010.11.26"]
[SourceQuality "1"]

1. e4 e5 2. Nf3 Nc6 3. d4 exd4 4. Bc4 Nf6 5. e5 d5 6. Bb5 Ne4 7. Nxd4 Bd7 8. Bxc6 bxc6 9. 0-0 Bc5 10. c3 0-0 11. Nd2 Nxd2 12. Bxd2 Bb6 13. b4 Re8 14. Re1 c5 15. bxc5 Bxc5 16. Qh5 Bf8 17. Bg5 Qc8 18. Nb3 c5 19. Qd1 Re6 20. Qxd5 Bc6 21. Qd2 Rg6 22. f3 h6 23. Bh4 Bxf3 24. Bg3 Bg4 25. c4 Be6 26. Rac1 Rg4 27. Qe2 Qa6 28. Nd2 Qxa2 29. Ra1 Qb2 30. Reb1 Qd4+ 31. Bf2 Bxc4 32. Nxc4 Qxc4 33. Qxc4 Rxc4 34. Rb7 Re4 35. Bg3 a5 36. Rf1 a4 37. Rfxf7 a3 38. Ra7 Rxa7 39. Rxa7 c4 40. Ra4 Kf7 41. Kf2 Ke6 42. Kf3 Kd5 43. Ra5+ Kd4 44. Bf2+ Kd3 45. Rd5+ Kc2 46. Kxe4 Bb4 47. Rd7 a2 48. Ra7 Kb2 49. Bd4+ c3 50. Kd3 a1Q 51. Rxa1 Kxa1 52. Bxc3+ 1-0

[Event "Moehnesee Cup 36th"]
[Site "Moehnesee"]
[Date "2010.08.26"]
[Round "1"]
[White "Schmitz, Stefan"]
[Black "Evers, Leo"]
[Result "1/2-1/2"]
[WhiteElo "1880"]
[BlackElo "2100"]
[PlyCount "46"]
[EventDate "2010.08.26"]
[EventType "swiss"]
[EventRounds "7"]
[EventCountry "GER"]
[SourceTitle "EXT 2011"]
[Source "ChessBase"]
[SourceDate "2010.11.26"]
[SourceVersion "1"]
[SourceVersionDate "2010.11.26"]
[SourceQuality "1"]

1. e4 c5 2. Nf3 Nc6 3. d4 cxd4 4. Nxd4 Nf6 5. Nc3 e5 6. Nb3 Bb4 7. f3 d5 8. exd5 Nxd5 9. Bd2 Nxc3 10. bxc3 Be7 11. Bd3 0-0 12. 0-0 Be6 13. Qe2 Rc8 14. f4 exf4 15. Bxf4 Bf6 16. Rad1 Qb6+ 17. Be3 Qc7 18. Rxf6 gxf6 19. Qh5 f5 20. Qg5+ Kh8 21. Qf6+ Kg8 22. Qg5+ Kh8 23. Qf6+ Kg8 1/2-1/2

[Event "GER-ch U16"]
[Site "Oberhof"]
[Date "2010.05.28"]
[Round "8"]
[White "Hoette, Philipp"]
[Black "Schmitz, Stefan"]
[Result "1/2-1/2"]
[WhiteElo "1942"]
[BlackElo "1908"]
[PlyCount "85"]
[EventDate "2010.05.22"]
[EventType "swiss"]
[EventRounds "9"]
[EventCountry "GER"]
[SourceTitle "CBM 136 Extra"]
[Source "ChessBase"]
[SourceDate "2010.07.02"]
[SourceVersion "2"]
[SourceVersionDate "2010.07.15"]
[SourceQuality "1"]

1. e4 d5 2. d4 e6 3. Nd2 Ne7 4. Bd3 Nbc6 5. c3 dxe4 6. Nxe4 Nd5 7. Nf3 Be7 8. 0-0 0-0 9. Qc2 h6 10. Re1 Re8 11. Bd2 Bf8 12. Ne5 Nxe5 13. dxe5 f5 14. exf6 Nxf6 15. Nxf6+ Qxf6 16. Rad1 Bc5 17. Be3 Bd6 18. Bh7+ Kh8 19. Qg6 Qf8 20. Rd4 e5 21. Rh4 Re6 22. Qc2 Rf6 23. c4 c6 24. Bd3 Kg8 25. c5 Bc7 26. Bc4+ Be6 27. Bxe6+ Rxe6 28. Qc4 Qf6 29. Rd1 Kh8 30. Re4 Ree8 31. Bc1 Red8 32. Ree1 Rxd1 33. Rxd1 Rd8 34. Qe2 Rd5 35. Rxd5 cxd5 36. Qg4 Kh7 37. Qc8 Qc6 38. Qf5+ Qg6 39. Qxg6+ Kxg6 40. Kf1 b6 41. cxb6 Bxb6 42. b4 Kf5 43. f3 1/2-1/2

[Event "Baden-ch U14"]
[Site "Karlsruhe"]
[Date "2008.01.05"]
[Round "6"]
[White "Schwingen, Dominik"]
[Black "Schmitz, Stefan"]
[Result "0-1"]
[WhiteElo "1240"]
[BlackElo "1767"]
[PlyCount "94"]
[EventDate "2008.01.02"]
[EventType "swiss"]
[EventRounds "7"]
[EventCountry "GER"]
[SourceTitle "EXT 2009"]
[Source "ChessBase"]
[SourceDate "2008.11.26"]
[SourceVersion "1"]
[SourceVersionDate "2008.11.26"]
[SourceQuality "1"]

1. e4 e5 2. Nf3 Nc6 3. Bc4 Nf6 4. Ng5 Bc5 5. Bxf7+ Ke7 6. Bc4 Rf8 7. Nc3 Qe8 8. Nf3 d6 9. d3 h6 10. Be3 Bb6 11. h3 Nd4 12. Bxd4 Bxd4 13. Nxd4 exd4 14. Ne2 Qg6 15. Ng3 h5 16. Qe2 Bd7 17. 0-0-0 Rae8 18. Rhg1 Kd8 19. Qd2 Kc8 20. Ne2 c5 21. Kb1 Be6 22. Bxe6+ Kb8 23. Bc4 b6 24. Nf4 Qh7 25. Nd5 Qg6 26. Nxf6 Rxf6 27. Rde1 Re7 28. g4 Qe8 29. f4 a5 30. g5 Rf8 31. f5 Ra7 32. Ref1 b5 33. Bd5 b4 34. f6 a4 35. f7 Qd7 36. Qg2 Rc7 37. Qf3 h4 38. Qg4 Qb5 39. Qxh4 b3 40. cxb3 axb3 41. Bxb3 Qxd3+ 42. Bc2 Qb5 43. Qg3 Rfxf7 44. Rxf7 Rxf7 45. Qxd6+ Ka7 46. Qd5 Rf1+ 47. Bd1 Qd3+ 0-1

[Event "Baden-ch U14"]
[Site "Karlsruhe"]
[Date "2008.01.03"]
[Round "2"]
[White "Dehm, Tobias"]
[Black "Schmitz, Stefan"]
[Result "0-1"]
[WhiteElo "1472"]
[BlackElo "1767"]
[PlyCount "40"]
[EventDate "2008.01.02"]
[EventType "swiss"]
[EventRounds "7"]
[EventCountry "GER"]
[SourceTitle "EXT 2009"]
[Source "ChessBase"]
[SourceDate "2008.11.26"]
[SourceVersion "1"]
[SourceVersionDate "2008.11.26"]
[SourceQuality "1"]

1. e4 e5 2. Nf3 Nc6 3. Bc4 Nf6 4. Ng5 Bc5 5. Nxf7 Bxf2+ 6. Kf1 Qe7 7. Nxh8 d5 8. Be2 Bb6 9. Bh5+ Kf8 10. exd5 Qc5 11. d4 Nxd4 12. Be3 Qb5+ 13. Ke1 Qxb2 14. Nd2 Nxc2+ 15. Ke2 Nxe3 16. Qa4 Nxh5 17. Rab1 Nf4+ 18. Ke1 Qc3 19. g3 Nd3+ 20. Ke2 Bg4+ 0-1

[Event "Baden-ch U14"]
[Site "Karlsruhe"]
[Date "2008.01.03"]
[Round "3"]
[White "Schmitz, Stefan"]
[Black "Cofman, Veaceslav"]
[Result "0-1"]
[WhiteElo "1767"]
[BlackElo "1830"]
[PlyCount "90"]
[EventDate "2008.01.02"]
[EventType "swiss"]
[EventRounds "7"]
[EventCountry "GER"]
[SourceTitle "EXT 2009"]
[Source "ChessBase"]
[SourceDate "2008.11.26"]
[SourceVersion "1"]
[SourceVersionDate "2008.11.26"]
[SourceQuality "1"]

1. e4 e5 2. Nf3 Nf6 3. Nxe5 d6 4. Nf3 Nxe4 5. Nc3 Nxc3 6. dxc3 Nc6 7. Bc4 Be7 8. 0-0 0-0 9. Bf4 a6 10. Qd2 Bg4 11. Nd4 Nxd4 12. Qxd4 Bf6 13. Qd2 Qd7 14. h3 Be6 15. Bd3 Rfe8 16. Bg5 Qe7 17. Be3 Qd7 18. Kh2 Bf5 19. Be2 Qe6 20. Rfe1 Be5+ 21. f4 Bxc3 22. Qxc3 Qxe3 23. Qxe3 Rxe3 24. Bd3 Rxe1 25. Rxe1 Bxd3 26. cxd3 Kf8 27. g4 Re8 28. Re4 d5 29. Re5 Rxe5 30. fxe5 g5 31. Kg3 Ke7 32. b4 Ke6 33. d4 Kd7 34. h4 h6 35. h5 b6 36. a4 c5 37. bxc5 bxc5 38. dxc5 Kc6 39. Kf3 Kxc5 40. Ke3 Kc4 41. Ke2 Kd4 42. Kd2 Kxe5 43. Ke3 d4+ 44. Kd3 Kf4 45. Kxd4 Kxg4 0-1

[Event "Nuremberg LGA Cup 3rd"]
[Site "Nuremberg"]
[Date "2006.09.10"]
[Round "6.62"]
[White "Schmitz, Stefan"]
[Black "Thoma, Dirk"]
[Result "1-0"]
[WhiteElo "1671"]
[BlackElo "1577"]
[PlyCount "55"]
[EventDate "2006.09.07"]
[EventType "swiss"]
[EventRounds "7"]
[EventCountry "GER"]
[SourceTitle "EXT 2022"]
[Source "ChessBase"]
[SourceDate "2021.10.06"]
[SourceVersion "1"]
[SourceVersionDate "2021.10.06"]
[SourceQuality "1"]

1. e4 c5 2. Nf3 e6 3. d4 cxd4 4. Nxd4 Nf6 5. Nc3 Bb4 6. f3 0-0 7. Bg5 Bxc3+ 8. bxc3 Qa5 9. Qd2 Ne8 10. Be7 d5 11. Bxf8 Kxf8 12. exd5 Qxd5 13. Be2 Kg8 14. Nb5 Qxd2+ 15. Kxd2 a6 16. Na3 Nc6 17. Nc4 b5 18. Nb6 Rb8 19. Nxc8 Rxc8 20. c4 Nd4 21. Bd3 bxc4 22. Be4 c3+ 23. Ke3 Rd8 24. Rad1 e5 25. g4 Nf6 26. Bd3 Nd5+ 27. Ke4 f6 28. Bc4 1-0

[Event "Nuremberg LGA Cup 3rd"]
[Site "Nuremberg"]
[Date "2006.09.09"]
[Round "4.55"]
[White "Meier, Desiderius"]
[Black "Schmitz, Stefan"]
[Result "1-0"]
[WhiteElo "2038"]
[BlackElo "1671"]
[PlyCount "45"]
[EventDate "2006.09.07"]
[EventType "swiss"]
[EventRounds "7"]
[EventCountry "GER"]
[SourceTitle "EXT 2022"]
[Source "ChessBase"]
[SourceDate "2021.10.06"]
[SourceVersion "1"]
[SourceVersionDate "2021.10.06"]
[SourceQuality "1"]

1. e4 e5 2. Bc4 Nf6 3. Nc3 Nxe4 4. Nf3 Nxc3 5. dxc3 d6 6. Ng5 Be6 7. Nxe6 fxe6 8. Qh5+ Kd7 9. Qf7+ Qe7 10. Bxe6+ Kd8 11. Qf5 Qe8 12. Bd5 c6 13. Bf3 Be7 14. Be3 Nd7 15. 0-0-0 Nf6 16. Qxe5 Qf7 17. Qa5+ Ke8 18. Rhe1 Kd7 19. Kb1 Rae8 20. Bf4 d5 21. c4 Qf8 22. cxd5 Bb4 23. dxc6+ 1-0

[Event "Nuremberg LGA Cup 3rd"]
[Site "Nuremberg"]
[Date "2006.09.09"]
[Round "5.71"]
[White "Schmitz, Stefan"]
[Black "Giersdorf, Fabian"]
[Result "1-0"]
[WhiteElo "1671"]
[BlackElo "1425"]
[PlyCount "21"]
[EventDate "2006.09.07"]
[EventType "swiss"]
[EventRounds "7"]
[EventCountry "GER"]
[SourceTitle "EXT 2022"]
[Source "ChessBase"]
[SourceDate "2021.10.06"]
[SourceVersion "1"]
[SourceVersionDate "2021.10.06"]
[SourceQuality "1"]

1. e4 Nf6 2. Nc3 d5 3. exd5 Nxd5 4. d4 Nc6 5. Bb5 Qd6 6. Nf3 Bd7 7. 0-0 g6 8. Ne4 Qb4 9. c4 Nb6 10. a3 Qa5 11. Bd2 1-0

[Event "GER-ch U12"]
[Site "Willingen"]
[Date "2006.06.06"]
[Round "6"]
[White "Schmitz, Stefan"]
[Black "Duessler, Stefanie"]
[Result "1-0"]
[WhiteElo "1526"]
[BlackElo "1289"]
[PlyCount "61"]
[EventDate "2006.06.03"]
[EventType "swiss"]
[EventRounds "11"]
[EventCountry "GER"]
[SourceTitle "EXT 2007"]
[Source "ChessBase"]
[SourceDate "2006.11.23"]
[SourceVersion "1"]
[SourceVersionDate "2006.11.23"]
[SourceQuality "1"]

1. e4 d5 2. exd5 Qxd5 3. Nc3 Qa5 4. d4 Nf6 5. Bd2 c6 6. h3 Bf5 7. Nf3 e6 8. Bc4 Qc7 9. Bb3 Nbd7 10. Qe2 0-0-0 11. 0-0-0 Bd6 12. Nh4 Bg6 13. Nxg6 hxg6 14. Rhe1 Nb6 15. Kb1 Bf4 16. Bxf4 Qxf4 17. Qe3 Qxe3 18. Rxe3 Nbd5 19. Nxd5 Nxd5 20. Red3 Rh4 21. Rf3 f6 22. c3 g5 23. Re1 Kd7 24. c4 Nc7 25. Rd3 Kc8 26. Red1 Re4 27. R3d2 Rd7 28. Bc2 Rh4 29. Bb3 Re4 30. g3 Rd8 31. Bc2 1-0

[Event "GER-ch U12"]
[Site "Willingen"]
[Date "2006.06.05"]
[Round "5"]
[White "Gerntke, Oliver"]
[Black "Schmitz, Stefan"]
[Result "1-0"]
[WhiteElo "1352"]
[BlackElo "1526"]
[PlyCount "101"]
[EventDate "2006.06.03"]
[EventType "swiss"]
[EventRounds "11"]
[EventCountry "GER"]
[SourceTitle "EXT 2007"]
[Source "ChessBase"]
[SourceDate "2006.11.23"]
[SourceVersion "1"]
[SourceVersionDate "2006.11.23"]
[SourceQuality "1"]

1. d4 d5 2. c4 dxc4 3. e4 e5 4. d5 Nf6 5. Nc3 c6 6. dxc6 Qxd1+ 7. Kxd1 Nxc6 8. Bxc4 Bb4 9. Nge2 0-0 10. Be3 Ng4 11. Nd5 Rd8 12. Kc2 Nxe3+ 13. Nxe3 Bd7 14. a3 Ba5 15. Nd5 Rac8 16. b4 Nxb4+ 17. axb4 Rxc4+ 18. Kb3 Rxe4 19. Nec3 Bxb4 20. Nxb4 Be6+ 21. Ka3 Rc8 22. Nxe4 a5 23. Na2 b5 24. Rac1 Rb8 25. Nc5 Bf5 26. Rhd1 h6 27. Nd7 Re8 28. Rd5 b4+ 29. Nxb4 axb4+ 30. Kxb4 f6 31. f3 Bg6 32. Rdc5 Re7 33. Rc7 e4 34. Nxf6+ Kf8 35. Rxe7 Kxe7 36. Nxe4 Kf8 37. Rc8+ Kf7 38. Kc5 Bf5 39. Nd6+ Kf6 40. Rf8+ Ke7 41. Rxf5 g6 42. Rf7+ Ke6 43. Rh7 Kf6 44. Ne8+ Ke6 45. Rxh6 Kf7 46. Nd6+ Kg7 47. Rh4 Kf6 48. Kd5 Kg7 49. Ke6 Kg8 50. Kf6 Kf8 51. Rh8# 1-0

[Event "Stuttgart-chB int"]
[Site "Ditzingen"]
[Date "2006.05.26"]
[Round "4"]
[White "Schmitz, Stefan"]
[Black "Kunert, Ralf"]
[Result "0-1"]
[WhiteElo "1526"]
[BlackElo "1691"]
[PlyCount "38"]
[EventDate "2006.05.25"]
[EventType "swiss"]
[EventRounds "7"]
[EventCountry "GER"]
[SourceTitle "EXT 2018"]
[Source "ChessBase"]
[SourceDate "2017.10.13"]
[SourceVersion "1"]
[SourceVersionDate "2017.10.13"]
[SourceQuality "1"]

1. e4 d5 2. exd5 Nf6 3. c4 c6 4. dxc6 Nxc6 5. d3 e5 6. Nc3 Bc5 7. Be3 Nd4 8. Nf3 Bg4 9. Be2 Nxf3+ 10. Bxf3 Bxe3 11. Bxg4 Bxf2+ 12. Kxf2 Qd4+ 13. Ke1 Nxg4 14. Ne4 f5 15. h3 Ne3 16. Qh5+ g6 17. Nf6+ Kf7 18. Qg5 Rad8 19. g4 Qxd3 0-1

[Event "Stuttgart-chB int"]
[Site "Ditzingen"]
[Date "2005.05.07"]
[Round "6"]
[White "Schmitz, Stefan"]
[Black "Wolf, Adam"]
[Result "1/2-1/2"]
[WhiteElo "1472"]
[BlackElo "1143"]
[PlyCount "99"]
[EventDate "2005.05.05"]
[EventType "swiss"]
[EventRounds "7"]
[EventCountry "GER"]
[SourceTitle "EXT 2018"]
[Source "ChessBase"]
[SourceDate "2017.10.13"]
[SourceVersion "1"]
[SourceVersionDate "2017.10.13"]
[SourceQuality "1"]

1. e4 e5 2. Nf3 Nc6 3. Bc4 Bc5 4. c3 Nf6 5. d4 exd4 6. cxd4 Bb4+ 7. Bd2 Bxd2+ 8. Nbxd2 d5 9. exd5 Nxd5 10. Qb3 Nce7 11. 0-0 0-0 12. Rfe1 c6 13. Ne5 b5 14. Bxd5 Qxd5 15. Qxd5 cxd5 16. Rac1 Be6 17. Nb3 Rac8 18. Nc5 Nf5 19. Nf3 Rfe8 20. b4 h6 21. h3 Nd6 22. Nxe6 fxe6 23. Rxc8 Nxc8 24. Ne5 Nb6 25. f4 Nc4 26. Nd3 Kf7 27. Nc5 g5 28. fxg5 hxg5 29. Nd3 Kf6 30. g4 Re7 31. Kg2 e5 32. dxe5+ Nxe5 33. Nc5 Nc4 34. Rf1+ Kg6 35. Rf2 Re8 36. Na6 Rd8 37. Nc5 d4 38. Rf3 Ne5 39. Rf1 Nc4 40. Rf3 Ne5 41. Rf1 d3 42. Rd1 d2 43. Kf2 Nd3+ 44. Nxd3 Rxd3 45. Ke2 Rxh3 46. Rxd2 Rh2+ 47. Kd3 Rxd2+ 48. Kxd2 Kf6 49. Kd3 Ke5 50. Ke3 1/2-1/2